NBA Players That Can't Dunk - Sudden Death - Statistics

General Stats
  • This quiz has been taken 434 times
  • The average score is 3 of 15
Answers on the Grid
Answers color-coded by a green-red scale on the quiz's grid according to % correct below.
Chris Paul
Dj Augustin
Fred VanVleet
Isaiah Thomas
J.J. Barea
J.J. Redick
Jason Kapono
Jason Kidd
Kyrie Irving
LeBron James
Luka Dončić
Mahmoud Abdul-Rauf
Mark Jackson
Micheal Jordan
Muggsy Bogues
Patrick Beverley
Patty Mills
Pavel Podkolzin
Shaquille O'Neal
Sim Bhullar
Spud Webb
Stephen Curry
Steve Kerr
Steve Nash
Steve Novak
Sun Yue
T.J. McConnell
Tacko Fall
Trae Young
Troy Daniels
 
Answer Stats
Answer % Correct
Fred VanVleet
65%
Dj Augustin
42%
Trae Young
31%
Muggsy Bogues
29%
Steve Nash
22%
Patty Mills
20%
Steve Kerr
20%
T.J. McConnell
20%
Jason Kapono
18%
Mahmoud Abdul-Rauf
14%
Sun Yue
13%
Steve Novak
9%
Pavel Podkolzin
7%
Sim Bhullar
7%
Troy Daniels
7%
No matching quizzes found
Score Distribution
Percent of People with Each Score
Percentile by Number Answered
Your Score History
You have not taken this quiz